000
00263nam a2200109Ia 4500
008
190914s9999||||xx |||||||||||||| ||und||
100
_a
Umar Latif
245
0
_a
Principles of Islamic Economics
260
_a
Karachi
_b
Economic
_c
2003
300
_a
370
942
_c
BK
999
_c
9987
_d
9987